| 000 | 01718nam a2200493 i 4500 | ||
|---|---|---|---|
| 001 | 45320 | ||
| 003 | KOSZ 005 | ||
| 005 | 20220929090224.0 | ||
| 008 | 050413s2004 pl a f f |000 0 pol | ||
| 015 | _aPB 2005/6394 | ||
| 020 | _a837251433X | ||
| 040 |
_aKOSZ 005 _cKOSZ 005 _dKOSZ 005/HR |
||
| 041 | 0 | _apol | |
| 046 | _k2004 | ||
| 080 | _a346.52(438) | ||
| 080 | _a657.3 | ||
| 080 | _a(075.8) | ||
| 245 | 0 | 0 |
_aRachunkowość w jednostkach sektora finansów publicznych : _bpraca zbiorowa / _cpod red. Teresy Kiziukiewicz ; [poszczeg. rozdz. oprac. Ksenia Czubakowska et al.]. |
| 260 |
_aWarszawa : _b"Difin", _c2004. |
||
| 300 |
_a472 s. : _brys. ; _c23 cm. |
||
| 336 |
_2rdacontent _aTekst _btxt |
||
| 337 |
_2rdamedia _aBez urządzenia pośredniczącego _bn |
||
| 338 |
_2rdacarrier _aWolumin _bnc |
||
| 380 | _aKsiążki | ||
| 380 | _aPublikacje fachowe | ||
| 380 | _aPublikacje dydaktyczne | ||
| 385 |
_mPoziom nauczania _aSzkoły wyższe |
||
| 388 | _a2001- | ||
| 490 | 1 |
_aVademecum Rachunkowości, _x1234-1681. |
|
| 504 | _aBibliogr., wykaz aktów normatywnych przy rozdz. | ||
| 648 | _a2001- | ||
| 650 | 4 | _aPrawo finansowe | |
| 650 | 4 | _aFinanse publiczne | |
| 650 | 4 | _aRachunkowość budżetowa | |
| 651 | 4 | _aPolska | |
| 655 | 4 | _aPodręczniki akademickie | |
| 658 | _aGospodarka, ekonomia, finanse | ||
| 700 | 1 |
_aCzubakowska, Ksenia _d(1946- ) _eAutor |
|
| 700 | 1 |
_aKiziukiewicz, Teresa _d(1947- ) _eRedakcja |
|
| 710 | 2 |
_aDifin _4pbl. |
|
| 830 | 0 | _aVademecum Rachunkowości | |
| 856 |
_uhttp://koha.tu.koszalin.pl/cgi-bin/koha/opac-detail.pl?biblionumber=45320 _yKatalog online BPK |
||
| 942 |
_2UKD _cKS |
||
| 999 |
_c45320 _d45320 |
||